Geografia Niemiec - Statystyki

Ogólne statystyki
  • Ten quiz został rozwiązany 1 808 razy
    1 803 od ostatniego zresetowania
  • Średni wynik to 13 z 21
Statystyki odpowiedzi
Pytanie Odpowiedź % Poprawnych
Z jakimi dwoma morzami graniczą Niemcy? Morze {Bałtyckie}
96%
Jaki jest największy niemiecki land według powierzchni? Bawaria
95%
Jaka jest stolica oraz największe miasto powyższego? Monachium
95%
Z jakimi dwoma morzami graniczą Niemcy? Morze {Północne}
92%
Jakie dwie rzeki wyznaczają granicę polsko-niemiecką? Odra
92%
Jakie są dwie najdłuższe rzeki przepływające przez Niemcy? Ren
82%
Jak nazywa się państwo, z którego pochodzi najwięcej osób mieszkających w Niemczech, lecz nie urodzonych tam? Turcja
79%
W jakim mieście Niemiec znajduje się siedziba Europejskiego Banku Centralnego? Frankfurt
76%
Jakie są dwie najdłuższe rzeki przepływające przez Niemcy? Dunaj
75%
Jakie dwie rzeki wyznaczają granicę polsko-niemiecką? Nysa Łużycka
64%
Częścią jakiego policentrycznej aglomeracji są miasta Essen, Duisburg i Dortmund? Zagłębie Ruhry
63%
Na jakim półwyspie leży Dania oraz części Niemiec blisko niej? Półwysep {jutlandzki}
59%
Przez jaki land Berlin jest całkowicie otoczony? Brandenburgia
57%
Jaka rzeka przepływa przez miasto Hamburg? Łaba
55%
W jakim francuskim mieście znalazłbyś się, gdybyś pojechał dokładnie na zachód od miasta Kehl? Strasburg
51%
Jakie duże jezioro znajduje się na pograniczu Niemiec, Austrii oraz Szwajcarii? Jezioro {Bodeńskie}
43%
Jak nazywa się najwyższa góra w Niemczech? (zaczyna się na literę Z) Zugspitze
36%
Jakie miasto, na literę A jest najbardziej na zachód wysuniętym dużym miastem? Akwizgran
34%
Jak nazywa się najprawdopodobniej najbardziej znany niemieckie zalesione pasmo górskie, położone na południowym-zachodzie tego kraju? {Czarny} las
33%
Jak nazywa się najbardziej znane, dawne przejście graniczne Berlina Wschodniego oraz Zachodniego? Checkpoint {Charlie}
32%
Jaki kanał łączy dwa powyższe morza? Kanał {Kiloński}
31%
Nie znaleziono quizów pasujących do podanych kryteriów
Rozkład punktacji
Procent ludzi z każdym wynikiem
Percentyl według liczby udzielonych odpowiedzi
Twoja historia wyników
Nie rozwiązałeś tego quizu od ostatniego zresetowania